<?xml version="1.0" encoding="UTF-8"?>
<record
    xmlns:xsi="http://www.w3.org/2001/XMLSchema-instance"
    xsi:schemaLocation="http://www.loc.gov/MARC21/slim http://www.loc.gov/standards/marcxml/schema/MARC21slim.xsd"
    xmlns="http://www.loc.gov/MARC21/slim">

  <leader>01626cas a2200337 a 4500</leader>
  <controlfield tag="001">4356</controlfield>
  <controlfield tag="003">BD-RjUL</controlfield>
  <controlfield tag="005">20211208233858.0</controlfield>
  <controlfield tag="008">131222c20099999bg ax     s  f0   a0eng c</controlfield>
  <datafield tag="020" ind1=" " ind2=" ">
    <subfield code="a">9845088783</subfield>
  </datafield>
  <datafield tag="035" ind1=" " ind2=" ">
    <subfield code="a">(OCoLC)ocm04524797 </subfield>
    <subfield code="a">(BD-RjUL)4391</subfield>
  </datafield>
  <datafield tag="040" ind1=" " ind2=" ">
    <subfield code="a">WaU</subfield>
    <subfield code="b">eng</subfield>
    <subfield code="c">WaU</subfield>
    <subfield code="d">MH</subfield>
    <subfield code="d">MnMULS</subfield>
    <subfield code="d">DLC</subfield>
    <subfield code="d">NST</subfield>
    <subfield code="d">DLC</subfield>
    <subfield code="d">NST</subfield>
    <subfield code="d">DLC</subfield>
    <subfield code="d">NST</subfield>
    <subfield code="d">InU</subfield>
    <subfield code="d">WaU</subfield>
    <subfield code="d">InU</subfield>
    <subfield code="d">MH</subfield>
    <subfield code="d">NLGGC</subfield>
    <subfield code="d">MH</subfield>
    <subfield code="d">UKMGB</subfield>
    <subfield code="d">OCoLC</subfield>
    <subfield code="d">BD-RjUL</subfield>
  </datafield>
  <datafield tag="041" ind1=" " ind2=" ">
    <subfield code="a">eng</subfield>
  </datafield>
  <datafield tag="082" ind1="0" ind2=" ">
    <subfield code="a">315.492</subfield>
    <subfield code="2">19</subfield>
    <subfield code="b">SYB 2009</subfield>
  </datafield>
  <datafield tag="245" ind1="0" ind2="0">
    <subfield code="a"> Statistical yearbook of Bangladesh-2008 =</subfield>
    <subfield code="b"> &#x9AC;&#x9BE;&#x982;&#x9B2;&#x9BE;&#x9A6;&#x9C7;&#x9B6; &#x9AA;&#x9B0;&#x9BF;&#x9B8;&#x982;&#x996;&#x9CD;&#x9AF;&#x9BE;&#x9A8; &#x9AC;&#x9B0;&#x9CD;&#x9B7;&#x997;&#x9CD;&#x9B0;&#x9A8;&#x9CD;&#x9A5; -&#x9E8;&#x9E6;&#x9E6;&#x9EE;</subfield>
  </datafield>
  <datafield tag="246" ind1="3" ind2="1">
    <subfield code="a">&#x9AC;&#x9BE;&#x982;&#x9B2;&#x9BE;&#x9A6;&#x9C7;&#x9B6; &#x9AA;&#x9B0;&#x9BF;&#x9B8;&#x982;&#x996;&#x9CD;&#x9AF;&#x9BE;&#x9A8; &#x9AC;&#x9B0;&#x9CD;&#x9B7;&#x997;&#x9CD;&#x9B0;&#x9A8;&#x9CD;&#x9A5; -&#x9E8;&#x9E6;&#x9E6;&#x9EE;</subfield>
    <subfield code="a">2008 Statistical yearbook of Bangladesh</subfield>
  </datafield>
  <datafield tag="260" ind1=" " ind2=" ">
    <subfield code="a">Dhaka :</subfield>
    <subfield code="b">Bangladesh Bureau of Statistics, Plannig Division, Ministry of Planning, Govt. of the People's Republic of Bangladesh,</subfield>
    <subfield code="c">2009- </subfield>
  </datafield>
  <datafield tag="300" ind1=" " ind2=" ">
    <subfield code="a">v. ;</subfield>
    <subfield code="c">29 cm.</subfield>
  </datafield>
  <datafield tag="515" ind1=" " ind2=" ">
    <subfield code="a">Vols. for &lt;1997-&gt; called also &lt;18th ed.-&gt;</subfield>
  </datafield>
  <datafield tag="651" ind1=" " ind2="0">
    <subfield code="a">Bangladesh</subfield>
    <subfield code="v">Statistics</subfield>
    <subfield code="v">Periodicals.</subfield>
    <subfield code="9">455</subfield>
  </datafield>
  <datafield tag="651" ind1=" " ind2="0">
    <subfield code="a">Bangladesh</subfield>
    <subfield code="x">Economic conditions</subfield>
    <subfield code="v">Statistics</subfield>
    <subfield code="v">Periodicals.</subfield>
    <subfield code="9">456</subfield>
  </datafield>
  <datafield tag="710" ind1="1" ind2=" ">
    <subfield code="a">Bangladesh.</subfield>
    <subfield code="b"> Bareau of Statistics.</subfield>
    <subfield code="9">457</subfield>
  </datafield>
  <datafield tag="776" ind1="0" ind2="8">
    <subfield code="i">Online version:</subfield>
    <subfield code="t">Statistical yearbook of Bangladesh</subfield>
    <subfield code="w">(OCoLC)682470590</subfield>
  </datafield>
  <datafield tag="780" ind1="0" ind2="0">
    <subfield code="t">Statistical digest of Bangladesh</subfield>
    <subfield code="w">(DLC)   73901005</subfield>
    <subfield code="w">(OCoLC)2324493</subfield>
  </datafield>
  <datafield tag="942" ind1=" " ind2=" ">
    <subfield code="2">ddc</subfield>
    <subfield code="c">CR</subfield>
  </datafield>
  <datafield tag="999" ind1=" " ind2=" ">
    <subfield code="c">4356</subfield>
    <subfield code="d">4356</subfield>
  </datafield>
  <datafield tag="952" ind1=" " ind2=" ">
    <subfield code="0">0</subfield>
    <subfield code="1">0</subfield>
    <subfield code="2">ddc</subfield>
    <subfield code="4">0</subfield>
    <subfield code="7">1</subfield>
    <subfield code="8">NFIC</subfield>
    <subfield code="a">RUCL</subfield>
    <subfield code="b">RUCL</subfield>
    <subfield code="c">Serials Stack</subfield>
    <subfield code="d">2008-06-06</subfield>
    <subfield code="e">Banggladesh Bureau of Statistics </subfield>
    <subfield code="g">550.00</subfield>
    <subfield code="l">0</subfield>
    <subfield code="o">P 315.492 SYB 2009</subfield>
    <subfield code="r">2013-12-22 00:00:00</subfield>
    <subfield code="w">2021-12-08</subfield>
    <subfield code="y">CR</subfield>
  </datafield>
</record>
